Normal view
MARC view
- NS QAIM HASSAN ABBAS
Entry Personal Name
001 - CONTROL NUMBER
- control field: 70870
003 - CONTROL NUMBER IDENTIFIER
- control field: NUST
005 - DATE AND TIME OF LATEST TRANSACTION
- control field: 20210628204549.0
008 - FIXED-LENGTH DATA ELEMENTS
- fixed length control field: 210628|| aca||aabn | a|a d
040 ## - CATALOGING SOURCE
- Original cataloging agency: NUST
- Transcribing agency: NUST
100 ## - HEADING--PERSONAL NAME
- Personal name: NS QAIM HASSAN ABBAS
670 ## - SOURCE DATA FOUND
- Source citation: Work cat.: (NUST): NS QAIM HASSAN ABBAS , PR-SOF-1551-VIRTUAL REALITY EXPOSURE THERAPY (VRET), 2015
